| 000 | 00760cam a22002533a 4500 | ||
|---|---|---|---|
| 001 | 18330 | ||
| 003 | BD-RjUL | ||
| 005 | 20211209000253.0 | ||
| 008 | 140220s1952 enk 000 0 eng | ||
| 035 |
_a(BD-RjUL)18388 _acoe96001599 |
||
| 040 |
_aDLC _cDLC _beng _dBD-RjUL |
||
| 041 | _aeng | ||
| 082 | 0 | 0 |
_a822.33 _bSHM 1952 |
| 100 | 1 |
_aShakespeare, William, _956426 |
|
| 245 | 0 | 0 |
_aMacbeth / _cWilliam Shakespeare , edited by Bernard Groom. |
| 260 |
_aOxford : _b At the clarendon press, _c1952. |
||
| 300 |
_a191 p. ; _c17 cm. |
||
| 650 | 0 |
_aDRAMA _956427 |
|
| 655 | 7 |
_aTheater programs _zWashington (D.C.) _2rbgenr _9118177 |
|
| 655 | 7 |
_aTheater programs _2rbgenr _9118178 |
|
| 942 |
_2ddc _cBK |
||
| 999 |
_c18330 _d18330 |
||